[Event "IECG CN.2002.0.00299 email"]
[Site "IECG email"]
[Date "2002.06.29"]
[Round "?"]
[White "Brueckner, Helmut"]
[Black "Gower, Robert"]
[Result "1-0"]
[WhiteElo "800"]
[BlackElo "800"]
[PlyCount "35"]
[EventDate "2002.06.29"]
[EventType "tourn (corr)"]
[EventRounds "6"]
[SourceTitle "Corr 2008"]
[Source "ChessBase"]
[SourceDate "2008.06.24"]
[SourceVersion "1"]
[SourceVersionDate "2008.06.24"]
[SourceQuality "1"]

1. e4 e6 2. d4 d5 3. Nc3 Nc6 4. Nf3 Nf6 5. exd5 exd5 6. Bb5 Bg4 7. h3 Bh5 8. g4 Nxg4 9. hxg4 Bxg4 10. Qd3 Bb4 11. Bxc6+ bxc6 12. Ne5 Qe7 13. Rxh7 Qf8 14. Nxg4 0-0-0 15. Qa6+ Kb8 16. Ne5 Bd6 17. Nxc6+ Ka8 18. Qxa7# 1-0